Polish Adverbs - Statistics

General Stats
  • This quiz has been taken 4 times
    3 since last reset
  • The average score is 37 of 45
Answer Stats
Hint Answer % Correct
Very bardzo
100%
Near blisko
100%
Sometimes czasami
100%
Often czesto
100%
Far daleko
100%
Exactly dokladnie
100%
Today dzisiaj
100%
Loudly glosno
100%
Tomorrow jutro
100%
Already juz
100%
Maybe moze
100%
Upstairs na gorze
100%
Surely na pewno
100%
Really naprawde
100%
Outside na zewnatrz
100%
Never nigdy
100%
Nowhere nigdzie
100%
Later pozniej
100%
Late pozno
100%
Probably prawdopodobnie
100%
Together razem
100%
Rarely rzadko
100%
Quickly szybko
100%
There tam
100%
Now teraz
100%
Here tu
100%
Early wczesnie
100%
Yesterday wczoraj
100%
Everywhere wszedzie
100%
Always zawsze
100%
Badly zle
100%
Again znowu
100%
Well dobrze
50%
Yet jeszcze
50%
Downstaits na dole
50%
Last na koncu
50%
Immediately natychmiast
50%
Approximately okolo
50%
Slowly powoli
50%
Alone samemu
50%
Soon wkrotce
50%
Then wtedy
50%
Soon zaraz
50%
Quietly chicho
0%
Next potem
0%
Inside wewnartz
0%
No matching quizzes found
Score Distribution
Percent of People with Each Score
Percentile by Number Answered
Your Score History
You have not taken this quiz since the last reset